Cargando...

Civics /

Detalles Bibliográficos
Autor Principal: Jagirdar, P. J.
Idioma:Undetermined
Publicado: 1945
LEADER 00333nam a2200121Ia 4500
001 100750
008 170722s9999 xx 000 0 und d
100 |a Jagirdar, P. J. 
245 |a Civics / 
260 |c 1945 
942 |c GEN 
999 |c 17843  |d 17843 
952 |0 0  |1 0  |4 0  |6 W_5_H5  |7 0  |9 21184  |a LIB  |b LIB  |d 2017-08-12  |o W:5 H5  |p 40423  |r 2017-08-12  |w 2017-08-12  |y GEN